Statistics for Popular 2010's Country Music Artists By Song Name

Click here to take the quiz!

General Stats

  • This quiz has been taken 32 times
  • The average score is 14 of 30

Answer Stats

SongsAnswer% Correct
drunk on you, we run this townluke bryan
85%
see you again, dirty laundrycarrie underwood
73%
drunk on a plane, somewhere on a beachdierks bentley
69%
pontoon, girl crushlittle big town
69%
hurricane, beautiful crazyluke combs
69%
whiskey glasses, chasin' youmorgan wallen
69%
come back song, wagon wheeldarius rucker
65%
bartender, american honeylady a
62%
came here to forget, god gave me youblake shelton
58%
drink in my hand, talladegaeric church
58%
fly over states, burnin' it downjason aldean
58%
get your shine on, dirtflorida georgia line
54%
dead flowers, fastest girl in townmiranda lambert
54%
crash and burn, make me wannathomas rhett
54%
homegrown, as she's walking awayzac brown band
50%
i'm comin' over, aw nawchris young
46%
i don't dance, i drive your trucklee brice
46%
crazy girl, love ain'teli young band
38%
hope on the rocks, clancy's taverntoby keith
38%
cowboys and angels, where it's atdustin lynch
35%
love you too late, chillin' itcole swindell
31%
put you in a song, even the stars fall 4 ukeith urban
27%
keepin' it country, real lifejake owen
23%
better than revenge, the lucky onetaylor swift
23%
one of those nights, top of the worldtim mcgraw
23%
take me to texas, every little honky tonk bargeorge strait
19%
sunny and 75, take it offjoe nichols
19%
back on the map, pageant materialkacey musgraves
19%
all your life, hip to my heartthe band perry
15%
beat of the music, love someonebrett eldredge
12%

Score Distribution

Percentile by Number Answered

Percent of People with Each Score

Your Score History

You have not taken this quiz